Statistics for Tom Pattinson Quiz

Click here to take the quiz!

General Stats

  • This quiz has been taken 6 times
  • The average score is 9 of 15

Answer Stats

HintAnswer% Correct
How many times has Tom Scored On his Debut?2
100%
How many Teams has Tom played for?5
100%
How many pairs of shoes does he have?7
100%
Does Tom own any Stone Island Apparel?Yes
100%
What Number does Tom Get on the sides?0
67%
How many countries Has Tom Been To?9
67%
What month was he born in?August
67%
Does Tom Prefer Nike or Adidas Trainers?Nike
67%
What popular sport takes place in his back garden?Boxing
33%
What was Tom's Highest GCSE?C
33%
What Crystal Palace Player Scored 2 goals to make it 3-3 against Liverpool to prevent them from winning their first premier league tile?Dwight Gayle
33%
Who then proceeded to win the league in that same season?Man City
33%
What awful team does he play for?North Lindum Hawks
33%
What is Toms Sport Studies Nickname?Parrot
33%
Whos Is Tom's Favorite Liverpool Player?Salah
33%

Score Distribution

Percentile by Number Answered

Percent of People with Each Score

Your Score History

You have not taken this quiz